Normal view
MARC view
Entry Corporate Name
001 - CONTROL NUMBER
- control field: 26793
003 - CONTROL NUMBER IDENTIFIER
- control field: ARRUPE
005 - DATE AND TIME OF LATEST TRANSACTION
- control field: 20161017140409.0
008 - FIXED-LENGTH DATA ELEMENTS
- fixed length control field: 161017|| aca||aabn | a|a d
040 ## - CATALOGING SOURCE
- Original cataloging agency: ARRUPE
- Transcribing agency: ARRUPE
110 ## - HEADING--CORPORATE NAME
- Corporate name or jurisdiction name as entry element: Evangelical Lutheran Church in Tanzania.
- Subordinate unit: Diocese of Bukoba.
670 ## - SOURCE DATA FOUND
- Source citation: Work cat.: (ARRUPE)0: Sundkler, Bengt, 1909-1995. 26168, Bara Bukoba :, c1980.